000 00375nam a2200157 4500
008 190319s1976||||xo d
100 1 _aMátej Jozef a kol.
_9969
245 1 0 _aDejiny ceskej a slovenskej pedagogiky
250 _a1. vydanie
260 _bSPN
_aBratislava
_c1976
300 _a502 s.
020 _c0
041 1 _aslo
044 _axo
_cSK
958 _aAPR
999 _c22230
_d22230